Poznámky k pokusu o vedecký a osobnostný profil Jozefa Ružičku

Podrobná bibliografia
Hlavný autor: Ondrejovič, Slavomír, 1946- (Autor)
Médium: Článok
Jazyk:slovenčina
ISSN:0037-6981
Predmet:
On-line prístup:http://www.juls.savba.sk/sr/2005/4/sr2005_4.pdf

MARC

LEADER 00000nab a2200000 a 4500
001 vtls008688984
003 SK-MaSNL
005 20260304140300.0
008 250505c2005 xo |||| | b 000 b|slo
015 |a SNBRB2006/04  |2 snkbucl 
035 |a (uuid)b06145b8-5a1e-4f6a-9f72-f790176934d9 
035 |a urn:nbn:sk:snk-abbzsy 
035 |a (urnnbn)urn:nbn:sk:snk:ar-002rcs 
038 |a SNKBUCL 
040 |a SNKBUCL  |b slo  |c SNKBUCL  |e AACR2 
041 0 |a slo 
044 |a xo  |c SK 
080 |a 81-051  |2 1997 
080 |a 811.162.4-051  |2 1997 
080 |a 37-051  |2 1997 
100 1 |a Ondrejovič, Slavomír,  |d 1946-  |4 aut  |9 92874 
245 1 0 |a Poznámky k pokusu o vedecký a osobnostný profil Jozefa Ružičku  |c Slavomír Ondrejovič 
500 |a Reakcia na článok Pokus o vedecký osobnostný profil profesora Jozefa Ružičku / Ján Kačala. - Slovenská reč. - Roč. 70, č. 1-2 (2005), s. 110-121 
504 |a Bibliogr. odkazy 
600 1 7 |a Ružička, Jozef,  |d 1916-1989  |2 snkbucl  |9 86113 
655 7 |a repliky  |2 snkbucl  |9 1456453 
773 0 |t Slovenská reč  |g Roč. 70, č. 4 (2005), s. 223-227  |x 0037-6981 
850 |a Slovenská národná knižnica 
852 |a Slovenská národná knižnica 
856 4 1 |u http://www.juls.savba.sk/sr/2005/4/sr2005_4.pdf 
954 |a odborná, vedecká literatúra pôvodná (slovenská)  |2 lita 
958 |a article15 
958 |a OND 
958 |a NB 
958 |a EUIPO 
999 |c 2914670  |d 2916600